[Event "Budapest-chT1 Lilienthal 1112"]
[Site "Budapest"]
[Date "2012.03.18"]
[Round "10"]
[White "Fischer, Anita"]
[Black "Beres, Gabor"]
[Result "1/2-1/2"]
[WhiteElo "1810"]
[BlackElo "1966"]
[PlyCount "27"]
[EventDate "2011.10.02"]
[EventType "team-tourn"]
[EventRounds "11"]
[EventCountry "HUN"]
[SourceTitle "EXT 2020"]
[Source "ChessBase"]
[SourceDate "2019.10.17"]
[SourceVersion "1"]
[SourceVersionDate "2019.10.17"]
[SourceQuality "1"]
[WhiteTeam "Barcza GSC"]
[BlackTeam "Budapest EAC III"]
[WhiteTeamCountry "HUN"]
[BlackTeamCountry "HUN"]

1. e4 e5 2. Nf3 Nc6 3. Bc4 Bc5 4. 0-0 Nf6 5. d3 d6 6. Be3 Bb6 7. c3 Be6 8. Nbd2 d5 9. exd5 Nxd5 10. Bxb6 axb6 11. Re1 Qf6 12. d4 0-0 13. Nxe5 Rfe8 14. Bb5 1/2-1/2

[Event "Balatonlelle op-B"]
[Site "Balatonlelle"]
[Date "2006.06.22"]
[Round "6.29"]
[White "Haszon, Attila"]
[Black "Beres, Gabor"]
[Result "0-1"]
[WhiteElo "1815"]
[BlackElo "1827"]
[PlyCount "104"]
[EventDate "2006.06.17"]
[EventType "swiss"]
[EventRounds "9"]
[EventCountry "HUN"]
[SourceTitle "EXT 2007"]
[Source "ChessBase"]
[SourceDate "2006.11.23"]
[SourceVersion "1"]
[SourceVersionDate "2006.11.23"]
[SourceQuality "1"]

1. d4 Nf6 2. Nf3 e6 3. c4 d5 4. Nc3 Bb4 5. a3 Bxc3+ 6. bxc3 0-0 7. cxd5 exd5 8. e3 Bf5 9. Qb3 Nbd7 10. c4 c5 11. cxd5 Nb6 12. Bb2 Nbxd5 13. Bc4 Qa5+ 14. Nd2 cxd4 15. Bxd4 Rac8 16. Rd1 Rxc4 17. Qxc4 Rc8 18. Qe2 Rc2 19. Bxf6 gxf6 20. e4 Nc3 21. Qc4 Bxe4 22. Nxe4 Nxe4+ 23. Qb4 Qxb4+ 24. axb4 Nxf2 25. Rd8+ Kg7 26. Rf1 Ne4 27. Rf4 f5 28. Rd7 Rxg2 29. Rxb7 Rxh2 30. Rxa7 Rb2 31. Rxf5 Rb1+ 32. Ke2 Ng3+ 33. Kd3 Nxf5 34. Kc4 h5 35. Ra5 Nd6+ 36. Kc3 h4 37. Rh5 Rh1 38. Kd3 Kg6 39. Rh8 Kg5 40. Ke3 Rb1 41. Kf3 Rxb4 42. Rg8+ Kf5 43. Rh8 Rb3+ 44. Kg2 h3+ 45. Kh2 Kf4 46. Rh4+ Kg5 47. Rd4 Nf5 48. Re4 Nh6 49. Re1 Ng4+ 50. Kh1 h2 51. Rf1 Kh4 52. Rxf7 Rb1+ 0-1

[Event "Balatonlelle op-B"]
[Site "Balatonlelle"]
[Date "2006.06.20"]
[Round "4.21"]
[White "Berenyi, Gabor"]
[Black "Beres, Gabor"]
[Result "1-0"]
[WhiteElo "2154"]
[BlackElo "1827"]
[PlyCount "105"]
[EventDate "2006.06.17"]
[EventType "swiss"]
[EventRounds "9"]
[EventCountry "HUN"]
[SourceTitle "EXT 2007"]
[Source "ChessBase"]
[SourceDate "2006.11.23"]
[SourceVersion "1"]
[SourceVersionDate "2006.11.23"]
[SourceQuality "1"]

1. e4 c5 2. c3 d6 3. d4 cxd4 4. cxd4 Nf6 5. Nc3 e6 6. Nf3 a6 7. Bd3 b5 8. 0-0 Bb7 9. a3 Be7 10. Qe2 0-0 11. Rd1 Nbd7 12. Bf4 Nh5 13. Be3 g6 14. e5 Ng7 15. exd6 Bxd6 16. Be4 Bxe4 17. Nxe4 Be7 18. d5 exd5 19. Rxd5 Qc7 20. Nc3 Rfe8 21. Rd2 Nf6 22. Qd1 Rad8 23. Bd4 Qf4 24. Qb3 Nf5 25. Be5 Qc4 26. Qxc4 bxc4 27. Re1 Rxd2 28. Nxd2 Bd6 29. Nxc4 Nd7 30. Nxd6 Nxd6 31. f4 Nc4 32. Nd5 Ncxe5 33. fxe5 Rxe5 34. Rxe5 Nxe5 35. b4 Nc6 36. Kf2 Nd4 37. a4 Nc6 38. Ke3 Kf8 39. Kd3 f5 40. Kc4 g5 41. Kc5 Nb8 42. Kb6 Kf7 43. Kb7 Nd7 44. Kxa6 Ke6 45. Nc3 f4 46. Kb7 Ke5 47. a5 Kd4 48. Nd1 g4 49. a6 f3 50. gxf3 gxf3 51. a7 Kd3 52. a8Q Ke2 53. Qa6+ 1-0

[Event "Balatonlelle op-B"]
[Site "Balatonlelle"]
[Date "2006.06.17"]
[Round "1.11"]
[White "Beres, Gabor"]
[Black "Horvath, Janos"]
[Result "0-1"]
[WhiteElo "1827"]
[BlackElo "2090"]
[PlyCount "112"]
[EventDate "2006.06.17"]
[EventType "swiss"]
[EventRounds "9"]
[EventCountry "HUN"]
[SourceTitle "EXT 2007"]
[Source "ChessBase"]
[SourceDate "2006.11.23"]
[SourceVersion "1"]
[SourceVersionDate "2006.11.23"]
[SourceQuality "1"]

1. e4 c5 2. Nf3 Nc6 3. d4 cxd4 4. Nxd4 Nf6 5. Nc3 e5 6. Ndb5 d6 7. Bg5 a6 8. Na3 b5 9. Bxf6 gxf6 10. Nd5 Bg7 11. c4 bxc4 12. Nxc4 0-0 13. Be2 Rb8 14. 0-0 f5 15. exf5 Nd4 16. Bd3 Nxf5 17. Qh5 Nh6 18. h3 f5 19. f4 e4 20. Bc2 Be6 21. Rad1 Kh8 22. Bb3 Ng8 23. Rd2 Bxd5 24. Rxd5 Nf6 25. Qxf5 Nxd5 26. Qxd5 Rb5 27. Qxd6 Qxd6 28. Nxd6 Bd4+ 29. Kh1 Rb4 30. Nxe4 Bxb2 31. Nc5 Rbxf4 32. Rxf4 Rxf4 33. g3 Rf6 34. Kg2 Bd4 35. Ne4 Rf8 36. h4 h6 37. Bc4 a5 38. Kh3 Kg7 39. Kg4 Be5 40. Bb3 Rc8 41. Kf5 Bc7 42. g4 Rf8+ 43. Ke6 Rf4 44. Kd5 Rxg4 45. h5 Rh4 46. Bd1 Kf7 47. a4 Ke7 48. Nc5 Bb6 49. Kc6 Bxc5 50. Kxc5 Rb4 51. Bc2 Kf6 52. Bd1 Kg5 53. Kd5 Rb1 54. Be2 Rb2 55. Bf3 Kf4 56. Be4 Rd2+ 0-1

[Event "Balatonlelle op-B"]
[Site "Balatonlelle "]
[Date "2005.06.20"]
[Round "6"]
[White "Beres, Gabor"]
[Black "Lenko, Csaba"]
[Result "1/2-1/2"]
[WhiteElo "1689"]
[BlackElo "2010"]
[PlyCount "111"]
[EventDate "2005.06.18"]
[EventType "swiss"]
[EventRounds "9"]
[EventCountry "HUN"]
[SourceTitle "EXT 2008"]
[Source "ChessBase"]
[SourceDate "2007.11.25"]
[SourceVersion "1"]
[SourceVersionDate "2007.11.25"]
[SourceQuality "1"]

1. e4 e5 2. Nf3 Nc6 3. Bc4 Be7 4. 0-0 Nf6 5. Re1 d6 6. h3 0-0 7. c3 Na5 8. Bb3 Nxb3 9. Qxb3 b6 10. d4 Bb7 11. Nbd2 Nd7 12. Nc4 Bf6 13. d5 h6 14. Be3 Qc8 15. Rac1 Be7 16. Qc2 c6 17. dxc6 Qxc6 18. Ncd2 Nf6 19. Nh4 Nxe4 20. Nf5 Rae8 21. Nxe4 Qxe4 22. Qxe4 Bxe4 23. Nxe7+ Rxe7 24. Rcd1 Re6 25. Bxb6 Bxg2 26. Bc7 Rg6 27. Rxd6 f6 28. Kh2 Rc8 29. Rd8+ Rxd8 30. Bxd8 Bd5 31. Rg1 Rxg1 32. Kxg1 Bxa2 33. Kf1 h5 34. h4 Kf7 35. Ke2 Ke8 36. Ba5 g5 37. hxg5 fxg5 38. Bc7 Kf7 39. Bxe5 Ke6 40. Bb8 a5 41. Bc7 a4 42. Bd8 Kf5 43. Kf3 Bb3 44. Kg3 Bd1 45. c4 h4+ 46. Kh3 Be2 47. c5 Bf1+ 48. Kh2 Kf4 49. c6 Ba6 50. Kg2 Bc8 51. Kh2 Be6 52. Be7 h3 53. Kg1 g4 54. Bd6+ Kf3 55. Bg3 Ke2 56. c7 1/2-1/2